Score 0/65 Timer 06:00
0 Plays Today
Clue Word % Correct
Is ____ your final answer? (Who Wants to be a Millionaire)THAT
96.5%
What you see is ____ you get! (The Flip Wilson Show)WHAT
96.5%
Say ____ night, Gracie (The Burns & Allen Show)GOOD
87.8%
Live ____ and prosper (Star Trek)LONG
87.8%
Just one ____ thing (Columbo)MORE
86.4%
Without a companionLONE
86.4%
Payment by a tenant RENT
86.4%
Zippo, nadaNONE
86.3%
Precious metalGOLD
86%
____ 's Johnny! (The Tonight Show)HERE
85.1%
Central part of the EarthCORE
85.1%
Past tense of areWERE
84.4%
Have in one's gripHOLD
84.3%
How you ____? (Friends)DOIN
83%
Mom always liked you ____ (The Smothers Brothers)BEST
82%
____ got a really big show! (The Ed Sullivan Show)WEVE
82%
From which the young suckle milkTEAT
81.1%
Pause for relaxationREST
80.9%
Auld ____ SyneLANG
80.1%
Come on ____! (The Price is Right)DOWN
80.1%
Oh my God! ____ killed Kenny! (South Park)THEY
79.8%
Talk in a noisy mannerRANT
79.5%
____ me what you don't like about yourself (Nip/Tuck)TELL
79.4%
____, isn't that special? (Saturday Night Live)WELL
79.3%
Whatchoo talkin' ____, Willis? (Diff'rent Strokes)BOUT
78.6%
Watery part of milkWHEY
78.3%
Bring togetherJOIN
77.9%
Long flowing garmentGOWN
76.6%
You ____ ? (The Addams Family)RANG
76.2%
Sharpen by rubbingWHET
76%
Join together by heatingWELD
75.9%
Up your nose with a rubber ____ (Welcome Back, Kotter)HOSE
75.7%
Gambles on the outcomeBETS
75.2%
Clue Word % Correct
Protective footgearBOOT
74.1%
Gershwin's partner for PorgyBESS
71.9%
We are two ____ and crazy guys! (Saturday Night Live)WILD
71.7%
Good night, ____ Boy (The Waltons)JOHN
71.6%
A pool or lakeMERE
71.5%
Peter Sellers was oneGOON
71.3%
____ (blank), Batman! (Batman)HOLY
71.3%
Substance used for washingSOAP
71.3%
Hollowed depressionHOLE
71.1%
Strike with the palm of the handSLAP
69.9%
Cash registerTILL
69.5%
____ 'em, Danno (Hawaii Five-O)BOOK
69.3%
You ____ 'mahvelous!' (Saturday Night Live)LOOK
66.8%
No ____ for you! (Seinfeld)SOUP
65%
Fastener fitted to a doorLOCK
64.8%
Tall cereal grassCORN
64.4%
Participate in sportPLAY
64.4%
Darjeeling and LapsangTEAS
62.7%
____ be careful out there (Hill Street Blues)LETS
62.6%
Danger, ____ Robinson! (Lost in Space)WILL
62.3%
I love it when a ____ comes together (The A-Team)PLAN
61.9%
Beak, as of a birdBILL
61.4%
Oh, my ____! (The Brady Bunch)NOSE
61%
Put to deathSLAY
60.9%
____ it to me (Rowan & Martin's Laugh-In)SOCK
59.4%
Marry a womanWIVE
53.8%
Grassy fieldsLEAS
53.1%
Use of tricks to deceive someoneWILE
52.7%
'Walking in Memphis' Singer MarkCOHN
51.3%
Open-air Arabian market SOUK
48.7%
Move or jump suddenlyBOLT
39.4%
Pod or capsule of a plantBOLL
36.8%

Today's Daily Dose

Missing Word
I Hardly Know Her!

Word Ladder
Sentence Ending

Quick Pick
Female Firsts

Get the Picture
Triathlon Sports

Remove Ads.
Support Sporcle.
Get the best of Sporcle when you Go Orange. This ad-free experience offers more features, more stats, and more fun while also helping to support Sporcle. Thank you for becoming a member.

You're not logged in!

Compare scores with friends on all Sporcle quizzes.
OR
Log In

Show Comments

Extras

Top Quizzes Today


Score Distribution

Your Account Isn't Verified!

In order to create a playlist on Sporcle, you need to verify the email address you used during registration. Go to your Sporcle Settings to finish the process.

Report this User

Report this user for behavior that violates our Community Guidelines.

Details: